Govt. of
Madhya Pradesh

General Studies 18 Per. Years Solved Paper and Practice Papers (Record no. 49882)

MARC details
000 -LEADER
fixed length control field 00400nam a22001577a 4500
003 - CONTROL NUMBER IDENTIFIER
control field macl
005 - DATE AND TIME OF LATEST TRANSACTION
control field 20150618130156.0
008 - FIXED-LENGTH DATA ELEMENTS--GENERAL INFORMATION
fixed length control field 150618b xxu||||| |||| 00| 0 eng d
040 ## - CATALOGING SOURCE
Transcribing agency macl
082 ## - DEWEY DECIMAL CLASSIFICATION NUMBER
Classification number 001
100 ## - MAIN ENTRY--PERSONAL NAME
Personal name Unique
9 (RLIN) 275
245 ## - TITLE STATEMENT
Title General Studies 18 Per. Years Solved Paper and Practice Papers
260 ## - PUBLICATION, DISTRIBUTION, ETC. (IMPRINT)
Place of publication, distribution, etc. Unique
Name of publisher, distributor, etc. Unique
Date of publication, distribution, etc. 2013
650 ## - SUBJECT ADDED ENTRY--TOPICAL TERM
Topical term or geographic name as entry element General Studies
9 (RLIN) 276
942 ## - ADDED ENTRY ELEMENTS (KOHA)
Source of classification or shelving scheme
Koha item type Books

No items available.